Normal view
MARC view
Entry Personal Name
001 - CONTROL NUMBER
- control field: 77674
003 - CONTROL NUMBER IDENTIFIER
- control field: OSt
005 - DATE AND TIME OF LATEST TRANSACTION
- control field: 20200104163512.0
008 - FIXED-LENGTH DATA ELEMENTS
- fixed length control field: 200104|| aca||aabn | a|a d
040 ## - CATALOGING SOURCE
- Original cataloging agency: OSt
- Transcribing agency: OSt
100 ## - HEADING--PERSONAL NAME
- Personal name: इंदु दत्ता
670 ## - SOURCE DATA FOUND
- Source citation: Work cat.: (OSt): इंदु दत्ता , कृष्णा सोबती के कथा साहित्य में समाज बोध , 2017









